000 00865nab a2200253 u 4500
001 13227
003 HDC
007 cr bn ---aaaaa
008 210212c my dr|nes 0 |0may
040 _aHDC
100 _aNorhaiza Hashim,
_eauthor
_914028
245 0 _aPerniagaan makanan sejuk beku makin dapat perhatian /
_cby Norhaiza Hashim
260 _a[no place] :
_b[publisher not identified],
_c[no year]
336 _atext
_2rdacontent
337 _acomputer
_2rdamedia
338 _aonline resource
_2rdacarrier
650 _aBumiputera entrepreneur
_98227
650 _aFrozen food
_9988
710 _aBeritaHarian.sg
856 _zRequest full-text at [email protected]
942 _2lcc
942 _cNEWS
942 _kNWSO 002876
999 _c10543
_d10543